Logo Biblioteca

El pueblo Mapuche : (Registro nro. 151)

Detalles MARC
000 -LEADER
fixed length control field 01154nam a22002297a 4500
003 - CONTROL NUMBER IDENTIFIER
control field OSt
005 - DATE AND TIME OF LATEST TRANSACTION
control field 20231214085041.0
008 - FIXED-LENGTH DATA ELEMENTS--GENERAL INFORMATION
fixed length control field 231121s 2022ag ||||| |||| 00| 0 spa d
020 ## - INTERNATIONAL STANDARD BOOK NUMBER
International Standard Book Number 9789874596048
040 ## - CATALOGING SOURCE
Transcribing agency besoc
100 1# - MAIN ENTRY--PERSONAL NAME
Personal name Winderbaum, Silvio,
Relator term autor
245 13 - TITLE STATEMENT
Title El pueblo Mapuche :
Remainder of title una nación /
Statement of responsibility, etc. Silvio Winderbaum, Hugo Alvarez ; Ilustraciones Sanyú ; Prólogo Marcelo Valko
260 ## - PUBLICATION, DISTRIBUTION, ETC.
Place of publication, distribution, etc. Neuquén :
Name of publisher, distributor, etc. Pido la Palabra,
Date of publication, distribution, etc. 2022
300 ## - PHYSICAL DESCRIPTION
Extent 119 p.
520 ## - SUMMARY, ETC.
Summary, etc. Este trabajo de investigación propone un viaje por la otra historia, la que habitualmente no se cuenta, no se escribe y no se reivindica salvo raras excepciones. La idea surgió del enorme desconocimiento existente sobre la nación mapuce e intenta visibilizar, entre otros aspectos, su concepción de vida, su sabiduría ancestral, la discriminación que sufren como pueblo y también, la estigmatización de su lucha. [Nota del editor]
650 #4 - SUBJECT ADDED ENTRY--TOPICAL TERM
Topical term or geographic name entry element Historia
Geographic subdivision Argentina
General subdivision Pueblos originarios
700 1# - ADDED ENTRY--PERSONAL NAME
Personal name Winderbaum, Silvio
Relator term autor
700 1# - ADDED ENTRY--PERSONAL NAME
Personal name Álvarez, Hugo
Relator term autor
700 0# - ADDED ENTRY--PERSONAL NAME
Personal name Sanyú,
Relator term ilustrador
700 0# - ADDED ENTRY--PERSONAL NAME
Personal name Valko, Marcelo,
Relator term prologuista
942 ## - ADDED ENTRY ELEMENTS (KOHA)
Source of classification or shelving scheme Universal Decimal Classification
Koha item type Libro de préstamo a domicilio
Suppress in OPAC No
Existencias
Withdrawn status Lost status Source of classification or shelving scheme Damaged status Not for loan Collection Home library Current library Date acquired Total checkouts Full call number Barcode Date last seen Price effective from Koha item type
    Universal Decimal Classification     Colección General Biblioteca Escuela de Ciencias Sociales Biblioteca Escuela de Ciencias Sociales 14/12/2023   94(82) W763 000937 14/12/2023 14/12/2023 Libro de préstamo a domicilio
Biblioteca de la Escuela Preuniversitaria en Ciencias Sociales y Humanísticas.
Riobamba 250 bis.
CP 2000 - Rosario - Santa Fe
E-Mail: biblioteca@esociales.unr.edu.ar